| LEADER 00000nam 2200000uu 4500 |
| 008 120605s2554||||th 000 0 tha d |
| 020 ^a9749139011
|
| 040 ^abcnkk
|
| 041 0 ^atha
|
| 060 0 ^aBQ 968 ห313 2554.
|
| 245 00 ^aหลวงปู่ขาว อนาลโย : วัดถ้ำกลองเพล อำเภอเมือง จังหวัดหนองบัวลำภู./^bผู้เรียบเรียงและจัดพิมพ์,ปฐม,ภัทรา นิคมานนท์.
|
| 250 ^aพิมพ์ครั้งที่ 5
|
| 260 ^aเชียงใหม่ : ^bโครงการหนังสือบูรพาจารย์ วัดป่าอาจารย์มั่น (ภูริทตฺโต),^c2554.
|
| 300 ^a516 หน้า;^bภาพประกอบ.
|
| 440 0 ^aโครงการหนังสือบูรพาจารย์ เล่ม 4
|
| 650 0 ^aพระขาว อนาลโย,2431-2526 ^xผลงาน.
|
| 650 0 ^aชีวประวัติ.
|
| 650 0 ^aธรรมะ.
|
| 650 0 ^aสงฆ์ ^zไทย ^xชีวประวัติ.
|
| 650 0 ^aวัดถ้ำกลองเพล (หนองบัวลำภู).
|
| 700 0 ^aปฐม,ภัทรา นิคมานนท์.
|
| 710 1 ^aวัดป่าอาจารย์มั่น (ภูริทตฺโต) โครงการหนังสือบูรพาจารย์.
|
| 999 ^aใช้งานได้ทุกระบบ
|